000 00432nam a2200169Ia 4500
008 230524s9999 xx 000 0 und d
020 _a8176565369
082 _a4.578
_bBAY
100 _aIvan Bayross
245 0 _aTeach Yourself Web Technologies Part-I (Foundations of Web Prog)
250 _a1ST
260 _aNEW DELHI
_bBPB
_c2008
300 _aX;679
500 _aQuantity Number: 145
650 _aComp-Sc
942 _cBK
999 _c39438
_d39438